000 00527nam a2200193Ia 4500
003 GCL
008 140319s9999 xx 000 0 ara d
040 _aGCL /
_cGCL
082 0 4 _a613.7
_bس ا
100 1 _aسوليفان، سوزان
245 1 0 _aالرشاقة الكاملة للمراه /
_cسوليفان، سوزان
700 1 _aحسين على
300 _a110 ص
490 _a100 قصة
_v0
650 0 4 _aالمرأة
650 0 4 _aالتدريب الرياضى
650 0 4 _aتجميل
942 _2ddc
_cBK
999 _c46559
_d46559